| 000 | 01157nam0a22003131 4500 | ||
|---|---|---|---|
| 001 | rc\3521417 | ||
| 005 | 20250610031442.0 | ||
| 021 |
_aRU _b[72-78697] |
||
| 035 | _a(NLR Aleph) 007661617 | ||
| 090 |
_a6337734 _c6337734 |
||
| 100 | _a20130115d1972 |||y0rusy50 ca | ||
| 101 | 0 | _arus | |
| 102 | _aRU | ||
| 105 | _aa z ||||| | ||
| 200 | 1 | _aИ.В. Попов. 1894-1952 | |
| 210 |
_aКиров _cВолго-Вят. кн. изд-во. Киров. отд-ние _d1972 |
||
| 215 |
_a100 с. _cил. _d16 |
||
| 225 | 1 | _aРеволюционеры Вятки | |
| 320 | _aСписок лит.: с. 98-99 и список лит. в примеч.: с. 95-98 | ||
| 532 | 1 | 0 | _aИван Васильевич Попов. 1894-1952 |
| 601 | 0 | 2 |
_aКПСС _xИстория _2psbo |
| 700 | 1 |
_aБыстрова _bА.С. _gАнтонина Сергеевна |
|
| 702 | 1 |
_4570 _7ca _8rus _aПопов _bИ. В. _cбольшевик, парт. деятель _f1894-1952 _gИван Васильевич _9180162 _3RU\NLR\AUTH\770180213 |
|
| 801 | 0 |
_aRU _bNLR _gpsbo |
|
| 801 | 1 |
_aRU _bELAR _2rusmarc |
|
| 852 |
_aNLR _j72-2/1871 |
||
| 942 | _cBOOK | ||
| 980 | _aNB | ||